|
|
|
|
| LEADER |
00869nam a2200229 a 4500 |
| 001 |
13547677 |
| 008 |
090720s2003 enk b 000 0 eng d |
| 010 |
|
|
|a 2004298031
|
| 020 |
|
|
|a 0826464726 (pbk.)
|
| 040 |
|
|
|a UKM
|c UKM
|d C#P
|d OCLCQ
|d DLC
|
| 082 |
0 |
4 |
|a 001.433
|2 21
|
| 100 |
1 |
|
|a Litosseliti, Lia.
|
| 245 |
1 |
0 |
|a Using focus groups in research /
|c Lia Litosseliti.
|
| 260 |
|
|
|a London ;
|a New York :
|b Continuum,
|c c2003.
|
| 300 |
|
|
|a vii, 104 p. ;
|c 22 cm.
|
| 490 |
1 |
|
|a Continuum research methods series
|
| 504 |
|
|
|a Includes bibliographical references (p. 100-104).
|
| 541 |
1 |
|
|e 00018451
|
| 650 |
|
0 |
|a Focused group interviewing.
|
| 852 |
4 |
|
|a SPH
|j General Shelf.
|
| 999 |
|
|
|c 2577
|d 2577
|
| 952 |
|
|
|0 0
|1 0
|2 ddc
|4 0
|6 001_433000000000000_LIT
|7 0
|9 2348
|a JPGSPH
|b JPGSPH
|d 2009-04-28
|e Paragon Enterprise Ltd.Dhaka,Bangladesh.
|l 0
|o 001.433 LIT
|p 3060018451
|r 2009-07-21
|t 1
|w 2009-07-21
|y BK
|